Pengurusan masa : bagaimana meleraikan diri daripada perangkap masa
| Main Author: | |
|---|---|
| Format: | Book |
| Published: |
Kuala Lumpur :
Berita Publishing ,
1994
|
| Series: | Siri pengurusan berita
|
| Subjects: |
MARC
| LEADER | 00000cam a2200000 7i4500 | ||
|---|---|---|---|
| 001 | 0000006276 | ||
| 002 | 000006774 | ||
| 005 | 20000330.0 | ||
| 020 | |a 9679693201 | ||
| 090 | 0 | 0 | |a 650.1 |b NOR |
| 100 | 0 | |a Noraini Ahmad | |
| 245 | 1 | 0 | |a Pengurusan masa : |b bagaimana meleraikan diri daripada perangkap masa |c Noraini Ahmad |
| 260 | |a Kuala Lumpur : |b Berita Publishing , |c 1994 | ||
| 300 | |a 100p. ; |c 22cm. | ||
| 490 | 0 | |a Siri pengurusan berita | |
| 650 | 0 | 0 | |a Time management |
| 999 | |a 068010 |b BUKU |c PINJAMAN |e PERPUSTAKAAN KOMUNITI PETALING JAYA | ||